[Event "Oebro CXU Nytaar 2023"]
[Site "Copenhagen"]
[Date "2023.12.30"]
[Round "7"]
[Board "11"]
[White "Gronnemose, Freja Egelund"]
[Black "Saravana, Vedant Kumar"]
[Result "0-1"]
[WhiteElo "1644"]
[BlackElo "1939"]
[PlyCount "88"]
[EventDate "2023.12.27"]
[EventType "swiss"]
[EventRounds "7"]
[EventCountry "DEN"]
[SourceTitle "Live v. Freja Gronnemose"]

1. e4 e5 2. f4 exf4 3. Bc4 Qh4+ 4. Kf1 d6 5. Nf3 Qh6 
6. d4 Nf6 7. Nc3 Be6 8. d5 Bg4 9. Nb5 Na6 10. Nc3 10... 
Nc5 11. Nb5 O-O-O 12. Nxa7+ Kb8 13. Nb5 Nfxe4 14. b4 Qf6 15. Qd4 
Qxd4 16. Nbxd4 Nd7 17. Bxf4 Nb6 18. Bb3 Nc3 19. a4 Be7 20. Re1 
20... Bf6 21. Bd2 Nbxd5 22. Kf2 Rhe8 23. h3 Ne4+ 24. Rxe4 Rxe4 25. 
hxg4 Bxd4+ 26. Kg3 Be5+ 27. Kf2 Nf6 28. g5 Ng4+ 29. Kf1 Bf4 30. 
Bd5 30... Ne3+ 31. Bxe3 Rxe3 32. Rh4 Bg3 33. Rg4 Be5 34. Bxf7 Rf8 
35. Bd5 c6 36. Bb3 Rf4 37. Rxf4 Bxf4 38. Bg8 h6 39. g6 Re4 
40. b5 40... Rxa4 41. bxc6 bxc6 42. Bb3 Rb4 43. Nh4 Be5 44. Nf5 
Rf4+ 0-1

[Event "Oebro CXU Nytaar 2023"]
[Site "Copenhagen"]
[Date "2023.12.30"]
[Round "7"]
[Board "12"]
[White "Wahlgreen, Noah Krug"]
[Black "Moller, Silas Ingemann"]
[Result "1-0"]
[WhiteElo "1968"]
[BlackElo "1809"]
[PlyCount "77"]
[EventDate "2023.12.27"]
[EventType "swiss"]
[EventRounds "7"]
[EventCountry "DEN"]
[SourceTitle "Live v. Freja Gronnemose"]

1. d4 Nf6 2. Bf4 e6 3. e3 b6 4. Nf3 Bb7 5. Nbd2 c5 
6. c3 Be7 7. Bd3 d5 8. O-O O-O 9. Ne5 Nbd7 10. a4 10... 
a6 11. Ndf3 h6 12. Bc2 b5 13. Nxd7 Nxd7 14. axb5 axb5 15. Qd3 
Nf6 16. Qxb5 Qc8 17. Rxa8 Qxa8 18. Qa4 Qxa4 19. Bxa4 Ra8 20. Bc2 
20... Ra2 21. Rb1 Ne4 22. Bd3 g5 23. Bc7 g4 24. Bxe4 dxe4 25. 
Ne5 Ba6 26. dxc5 Bxc5 27. b4 Be7 28. g3 Rc2 29. b5 Bb7 30. 
Ba5 30... f6 31. Nc6 Bc5 32. Nd8 Bd5 33. b6 Ra2 34. b7 Bd6 
35. Bb4 Bb8 36. c4 Bxc4 37. Nc6 Bd3 38. Nxb8 Ra7 39. Bc5 1-0

[Event "Oebro CXU Nytaar 2023"]
[Site "Copenhagen"]
[Date "2023.12.30"]
[Round "7"]
[Board "13"]
[White "Wehding, Anton Bonsvig"]
[Black "Ramsdal, Mikkel"]
[Result "1-0"]
[WhiteElo "1935"]
[BlackElo "1800"]
[PlyCount "125"]
[EventDate "2023.12.27"]
[EventType "swiss"]
[EventRounds "7"]
[EventCountry "DEN"]
[SourceTitle "Live v. Freja Gronnemose"]

1. c4 c5 2. Nf3 Nf6 3. g3 g6 4. Bg2 Bg7 5. O-O O-O 
6. e3 e6 7. d4 cxd4 8. Nxd4 d5 9. cxd5 Nxd5 10. Nd2 10... 
Nd7 11. b3 Re8 12. Ba3 Bxd4 13. exd4 b5 14. Ne4 b4 15. Bb2 
Qb6 16. a3 Rb8 17. axb4 Nxb4 18. Nd2 Nd5 19. Nc4 Qxb3 20. Qxb3 
20... Rxb3 21. Rxa7 N7b6 22. Nxb6 Rxb6 23. Ba3 Bb7 24. Bc5 Rb2 25. 
Re1 Ra8 26. Rxa8+ Bxa8 27. g4 Kg7 28. h4 Bb7 29. Ba3 Rb3 30. 
Bd6 30... Rb6 31. Be5+ Kf8 32. Kh2 Rb2 33. Kg3 Rb3+ 34. Kh2 Rb2 
35. Kg1 Rb3 36. Rc1 Rb2 37. h5 Rb3 38. Kh2 Kg8 39. Bxd5 exd5 
40. f4 40... Kf8 41. Bf6 Rb6 42. g5 Re6 43. Kg3 Ba6 44. hxg6 
hxg6 45. Rh1 Ke8 46. Rh8+ Kd7 47. Rd8+ Kc6 48. Rf8 Bd3 49. Rxf7 
Kb5 50. Be5 50... Be4 51. Kg4 Bd3 52. f5 gxf5+ 53. Rxf5 Bxf5+ 54. 
Kxf5 Re8 55. g6 Kc6 56. g7 Kd7 57. Kf6 Re6+ 58. Kf7 Re7+ 59. 
Kg6 Re6+ 60. Kh7 60... Re7 61. Kh8 Re6 62. g8=Q Rh6+ 63. Kg7 1-0

[Event "Oebro CXU Nytaar 2023"]
[Site "Copenhagen"]
[Date "2023.12.30"]
[Round "7"]
[Board "14"]
[White "Hove, Svend Kjems"]
[Black "Petersen, Lasse Emil"]
[Result "1-0"]
[WhiteElo "1844"]
[BlackElo "1798"]
[PlyCount "95"]
[EventDate "2023.12.27"]
[EventType "swiss"]
[EventRounds "7"]
[EventCountry "DEN"]
[SourceTitle "Live v. Freja Gronnemose"]

1. e4 c6 2. d4 d5 3. Nc3 dxe4 4. Nxe4 Bf5 5. Ng3 Bg6 
6. Bc4 Nf6 7. Nf3 Nbd7 8. O-O h6 9. Re1 Nb6 10. Bf1 10... 
e6 11. Bd2 Bd6 12. c4 Bc7 13. b4 O-O 14. a4 Nbd7 15. Qc1 
Nh5 16. Ne4 Nhf6 17. Nc3 Bh5 18. Ne5 Ng4 19. Nxg4 Bxg4 20. b5 
20... Qh4 21. g3 Qh5 22. a5 Nf6 23. Bf4 Bd8 24. a6 b6 25. 
bxc6 Rc8 26. Nb5 Bf3 27. c7 Ng4 28. h3 Bf6 29. Qc3 Ba8 30. 
Ra2 30... e5 31. f3 Nh2 32. Rxh2 exf4 33. g4 Qh4 34. Rhe2 Bc6 
35. Nd6 Rxc7 36. Nf5 Qg5 37. h4 Qg6 38. Rg2 Qh7 39. Bd3 g6 
40. g5 40... Bxf3 41. gxf6 Bxg2 42. Ne7+ Kh8 43. Kxg2 f3+ 44. Kxf3 
h5 45. Qd2 Rd7 46. d5 Rd6 47. Qg5 Rfd8 48. Re4 1-0

[Event "Oebro CXU Nytaar 2023"]
[Site "Copenhagen"]
[Date "2023.12.30"]
[Round "7"]
[Board "15"]
[White "Petersen, Nils"]
[Black "Kokholm, Daniel"]
[Result "*"]
[WhiteElo "1830"]
[BlackElo "1762"]
[PlyCount "101"]
[EventDate "2023.12.27"]
[EventType "swiss"]
[EventRounds "7"]
[EventCountry "DEN"]
[SourceTitle "Live v. Freja Gronnemose"]

1. c4 e5 2. g3 Nf6 3. Bg2 c6 4. d4 d6 5. dxe5 dxe5 
6. Qxd8+ Kxd8 7. Nf3 Bd6 8. Nc3 h6 9. O-O Ke7 10. b3 10... 
Be6 11. Nd2 Bb4 12. Bb2 Nbd7 13. a3 Bd6 14. Nde4 Nxe4 15. Nxe4 
f5 16. Nxd6 Kxd6 17. a4 Kc7 18. Rfd1 Rhe8 19. e4 g6 20. Rd2 
20... Rad8 21. Rad1 Kc8 22. exf5 gxf5 23. Ba3 c5 24. Bd5 b6 25. 
Bb2 Bxd5 26. Rxd5 Nf6 27. Rxd8+ Rxd8 28. Rxd8+ Kxd8 29. Bxe5 Ne4 30. 
Bf4 30... h5 31. f3 Nf6 32. Bg5 Ke7 33. Kf2 Ke6 34. Bxf6 Kxf6 
35. Ke3 Ke5 36. h3 f4+ 37. Kf2 fxg3+ 38. Kxg3 Kf5 39. Kh4 Kg6 
40. f4 40... a6 41. Kg3 Kf6 42. Kf3 Ke6 43. Ke4 Kf6 44. h4 
Ke6 45. f5+ Kf6 46. Kf4 a5 47. Ke4 Ke7 48. Ke5 Kf7 49. f6 
Ke8 50. Kf5 50... Kf7 51. Kg5 

*

[Event "Oebro CXU Nytaar 2023"]
[Site "Copenhagen"]
[Date "2023.12.30"]
[Round "7"]
[Board "16"]
[White "Mortensen, Henrik"]
[Black "Taskiran, Erol"]
[Result "1/2-1/2"]
[WhiteElo "1952"]
[BlackElo "1714"]
[PlyCount "41"]
[EventDate "2023.12.27"]
[EventType "swiss"]
[EventRounds "7"]
[EventCountry "DEN"]
[SourceTitle "Live v. Freja Gronnemose"]

1. e4 e6 2. d4 d5 3. Nd2 c5 4. exd5 exd5 5. Ngf3 Nc6 
6. Bb5 a6 7. Be2 Nf6 8. O-O Bd6 9. dxc5 Bxc5 10. Nb3 10... 
Ba7 11. c3 O-O 12. Bg5 Re8 13. Re1 Qd6 14. Bxf6 Qxf6 15. Qxd5 
Bg4 16. Nbd4 Rad8 17. Qb3 Nxd4 18. cxd4 Bxf3 19. Bxf3 Qxd4 20. Qc2 
20... g6 21. Rxe8+ 1/2-1/2

[Event "Oebro CXU Nytaar 2023"]
[Site "Copenhagen"]
[Date "2023.12.30"]
[Round "7"]
[Board "17"]
[White "Petersen, Poul Erik"]
[Black "Jalving, August"]
[Result "0-1"]
[WhiteElo "1870"]
[BlackElo "1933"]
[PlyCount "66"]
[EventDate "2023.12.27"]
[EventType "swiss"]
[EventRounds "7"]
[EventCountry "DEN"]
[SourceTitle "Live v. Freja Gronnemose"]

1. Nf3 Nf6 2. c4 e6 3. g3 b6 4. Bg2 Bb7 5. Nc3 Be7 
6. O-O O-O 7. Qc2 d5 8. cxd5 Nxd5 9. a3 Nxc3 10. bxc3 10... 
Qc8 11. a4 a6 12. c4 a5 13. Ba3 Bxa3 14. Rxa3 Nd7 15. d4 
Nf6 16. c5 Be4 17. Qc1 Qa6 18. Re1 Rad8 19. e3 Qa8 20. Nh4 
20... Bxg2 21. Nxg2 Ne4 22. cxb6 cxb6 23. Rd1 Rc8 24. Qb2 Ng5 25. 
h4 Nf3+ 26. Kf1 Qa6+ 27. Qe2 Nh2+ 28. Ke1 Qb7 29. e4 f5 30. 
Nf4 30... fxe4 31. Nxe6 e3 32. Rxe3 Nf3+ 33. Kf1 Nxd4 0-1

[Event "Oebro CXU Nytaar 2023"]
[Site "Copenhagen"]
[Date "2023.12.30"]
[Round "7"]
[Board "18"]
[White "Sorensen, Peter"]
[Black "Jensen, Benjamin Lau"]
[Result "1-0"]
[WhiteElo "1664"]
[BlackElo "1889"]
[PlyCount "55"]
[EventDate "2023.12.27"]
[EventType "swiss"]
[EventRounds "7"]
[EventCountry "DEN"]
[SourceTitle "Live v. Freja Gronnemose"]

1. d4 Nf6 2. Nf3 e6 3. g3 c5 4. e3 Nc6 5. Bg2 h5 
6. h4 d5 7. O-O Bd6 8. dxc5 Bxc5 9. b3 O-O 10. Bb2 10... 
Re8 11. Nbd2 e5 12. c4 Bg4 13. cxd5 Nxd5 14. Qc2 Bb6 15. Ng5 
g6 16. Nc4 Ndb4 17. Qb1 Rc8 18. Ne4 Be2 19. Ned6 Bxf1 20. Qxf1 
20... Bc7 21. Rd1 Qe7 22. a3 Bxd6 23. Nxd6 Na6 24. b4 Ncb8 25. 
Nxe8 Rxe8 26. Qc4 b6 27. Rd5 Nd7 28. Qxa6 1-0

[Event "Oebro CXU Nytaar 2023"]
[Site "Copenhagen"]
[Date "2023.12.30"]
[Round "7"]
[Board "19"]
[White "Ramsdal, Lasse Andreas"]
[Black "Peitersen, Andreas"]
[Result "1-0"]
[WhiteElo "1688"]
[BlackElo "1687"]
[PlyCount "127"]
[EventDate "2023.12.27"]
[EventType "swiss"]
[EventRounds "7"]
[EventCountry "DEN"]
[SourceTitle "Live v. Freja Gronnemose"]

1. d4 Nf6 2. c4 g6 3. Nc3 Bg7 4. e4 d6 5. Bd3 O-O 
6. Nge2 Nc6 7. O-O e5 8. d5 Ne7 9. Ng3 Ne8 10. f4 10... 
f5 11. fxe5 dxe5 12. c5 f4 13. Nh1 g5 14. Nf2 a6 15. Be2 
Nf6 16. b3 Ng6 17. Ba3 Rf7 18. Rc1 Kh8 19. Rc2 Bf8 20. b4 
20... Bd7 21. Rd2 Qe8 22. Bb2 Qc8 23. h3 Nh4 24. Rd3 Qe8 25. 
Kh2 Rg7 26. Ng4 Nxg4+ 27. Bxg4 Bxg4 28. Qxg4 h5 29. Qe6 Qxe6 30. 
dxe6 30... Re8 31. Rfd1 Rxe6 32. Rd8 Ng6 33. Rb8 c6 34. Na4 Kh7 
35. Nb6 Rf7 36. Rd3 g4 37. hxg4 hxg4 38. Nd7 f3 39. Rxb7 Ree7 
40. Nxf8+ 40... Rxf8 41. Rxe7+ Nxe7 42. gxf3 gxf3 43. Kg1 Ng6 44. Kf2 
Nf4 45. Rd7+ Kg6 46. Bxe5 Nh3+ 47. Kf1 Rg8 48. Bd4 Kh5 49. Rh7+ 
Kg4 50. Rg7+ 50... Rxg7 51. Bxg7 Kf4 52. e5 Kf5 53. Bf6 Ke6 54. 
a4 Nf4 55. b5 cxb5 56. axb5 axb5 57. c6 Nd5 58. Kf2 b4 59. 
Bg5 Kxe5 60. Kxf3 60... Kd6 61. c7 Kxc7 62. Ke4 Kc6 63. Kd4 Nb6 
64. Bd2 1-0

[Event "Oebro CXU Nytaar 2023"]
[Site "Copenhagen"]
[Date "2023.12.30"]
[Round "7"]
[Board "20"]
[White "Gasimov, Eldar"]
[Black "Paludan, Noah"]
[Result "1-0"]
[WhiteElo "1542"]
[BlackElo "1888"]
[PlyCount "99"]
[EventDate "2023.12.27"]
[EventType "swiss"]
[EventRounds "7"]
[EventCountry "DEN"]
[SourceTitle "Live v. Freja Gronnemose"]

1. d4 d5 2. Nf3 Nf6 3. g3 c5 4. c4 cxd4 5. cxd5 Nxd5 
6. Nxd4 e6 7. Bg2 Be7 8. O-O O-O 9. a3 Nd7 10. b4 10... 
N7b6 11. Ra2 Bd7 12. e4 Ba4 13. Qe2 Nf6 14. Rd2 Qc7 15. Nb5 
Qc4 16. N1c3 Qxe2 17. Rxe2 Bb3 18. Rb2 Bc4 19. Rd1 a6 20. Nd6 
20... Bxd6 21. Rxd6 Nbd7 22. f4 e5 23. Bh3 Rac8 24. fxe5 Nxe5 25. 
Bxc8 Rxc8 26. Bf4 Ng6 27. Rbd2 Nf8 28. Rd8 Rc6 29. Bd6 Nd7 30. 
Bxf8 30... Nxf8 31. Nd5 g6 32. Ne7+ Kg7 33. Nxc6 bxc6 34. Rxf8 Kxf8 
35. Kf2 Ke7 36. Ke3 h5 37. Kf4 Ke6 38. h4 Bb5 39. e5 Ba4 
40. Rd6+ 40... Ke7 41. Kg5 Bb5 42. g4 hxg4 43. Kxg4 Ba4 44. Kf4 
Bb5 45. Ke3 Ba4 46. Kd4 Bb5 47. Kc5 Ba4 48. Kb6 Bb5 49. Ka5 
Ke8 50. a4 1-0